|
|
|
|
| LEADER |
00785nam a2200205 a 4500 |
| 008 |
100622s2001 ii a 001 0 eng d |
| 999 |
|
|
|c 9047
|d 9047
|
| 020 |
|
|
|a 8174872310
|
| 040 |
|
|
|a BD-DhAAL
|c BD-DhAAL
|
| 082 |
0 |
0 |
|a 658.3124
|2 21
|
| 100 |
1 |
|
|a Dawra, Sudhir.
|9 33310
|
| 245 |
1 |
0 |
|a Human resource development and personnel management /
|c Sudhir Dawra.
|
| 260 |
|
|
|a New Delhi :
|b Radha Publications,
|c 2001.
|
| 300 |
|
|
|a viii, 416 p. :
|b ill. ;
|c 22 cm.
|
| 504 |
|
|
|a Includes index.
|
| 541 |
1 |
|
|e 00009582
|
| 650 |
|
0 |
|a Human resource development.
|9 33311
|
| 852 |
4 |
|
|a Ayesha Abed Library
|j General Shelf
|
| 942 |
|
|
|2 ddc
|c BK
|
| 952 |
|
|
|0 0
|1 0
|2 ddc
|4 0
|6 658_312400000000000_DAW_2001
|7 0
|9 11203
|a BRACUL
|b BRACUL
|c GEN
|d 2010-06-23
|l 4
|m 35
|o 658.3124 DAW
|p 3010009582
|r 2024-01-29
|s 2023-06-13
|t 1
|w 2010-06-23
|y BK
|